00424 2200181 4500001002100000005001500021008004100036020001800077035001900095041000700114082000800121090001400129100002500143245001800168260003200186300001400218650001000232INLIS00000000000697920241224113403241224||||||||| | ||| |||| || |  a0-590-46752-2 0010-1224006979 aen0 a823 a823 PAT r0 apatricia c.mckissack00aRun Away Home aU.S.AbScholastic Incc1998 axi+160hlm 0afiksi